International trade procedures and management.
| Main Author: | |
|---|---|
| Format: | Book |
| Published: |
Oxford:
Butterworth Heinemann,
1995.
|
| Subjects: |
| LEADER | 00494cam a2200169 7i4500 | ||
|---|---|---|---|
| 001 | 0000006238 | ||
| 005 | 19991025090000.0 | ||
| 002 | ##000007907 | ||
| 020 | 0 | 0 | |a 0 7506 2023 4 |
| 090 | 0 | 0 | |a B 658.84 |b WAL |
| 100 | 0 | 0 | |a Walker |
| 245 | 0 | 0 | |a International trade procedures and management. |
| 260 | 0 | 0 | |a Oxford: |b Butterworth Heinemann, |c 1995. |
| 300 | 0 | 0 | |a 279 p.. |
| 650 | 0 | 0 | |a Export management |
| 650 | 0 | 0 | |a International trade -- |x Procedures |
| 999 | |a 0000009144 |b Book |c Open shelf |e Business Information Centre | ||